[Event "Steyr-ch U12"]
[Site "Soechau"]
[Date "2007.04.22"]
[Round "9"]
[White "Bachner, Karsten"]
[Black "Weiermair, Theresia"]
[Result "1-0"]
[WhiteElo "1492"]
[BlackElo "1200"]
[PlyCount "39"]
[EventDate "2007.04.14"]
[EventType "swiss"]
[EventRounds "9"]
[EventCountry "AUT"]
[SourceTitle "EXT 2010"]
[Source "ChessBase"]
[SourceDate "2010.11.25"]
[SourceVersion "1"]
[SourceVersionDate "2010.11.25"]
[SourceQuality "1"]

1. e4 c5 2. Nf3 d6 3. d4 cxd4 4. Nxd4 e6 5. Nc3 a6 6. Be3 Bd7 7. Bd3 Nc6 8. Qd2 Be7 9. f3 Nf6 10. h4 0-0 11. 0-0-0 h6 12. g4 Nh7 13. Qh2 Nxd4 14. Bxd4 Bf6 15. Be3 e5 16. g5 Be7 17. gxh6 gxh6 18. Bxh6 Re8 19. Qg3+ Kh8 20. Qg7# 1-0